000 00602nam a22002177a 4500
003 UA-OsUOA
001 85959
007 ta
008 20120723b un ||||| |||| 00| 0 ukr d
100 _aКозюк В.
090 _a330(477)
_bК59
942 _cSA
040 _aUA-OsUOA
_bukr
_cUA-OsUOA
_dUA-OsUOA
245 _aПозиції резервних валют: теоретичний вимір та посткризові зрушення
300 _aС.55-70
955 _a0
041 _aukr
080 _a330(477)
773 0 _w85958
650 7 _a330 Економіка взагалі
_2UDC
999 _c372264
_d372264